00624 2200181 4500001002100000005001500021035002000036245009500056100003700151250002000188300005400208700005800262260004600320082001000366084001600376020002200392600002800414INLIS00000000114593020260120110717 a0010-01260000061 aPeran Strategis BUM Desa untuk Pemberdayaan Masyarakat /cEllian Rusliati;Mujibah Syufiani0 aEllian Rusliati;Mujibah Syufiani acetakan pertama ax,85 halaman :bilustrasi ;c15,5 x 23 cmekertas0 aEditor;Zakiyatur Rosidah, Desain Cover;Ali Hasan Zein aYogyakarta :bdeepublish Publisher,c2012 a338.3 a338.3 ELL p a978-823-02-9245-3 4aPemberdayaan Masyarakat